00617nam a22002057a 450000500170000001000130001702000230003003500130005303700160006604000120008208200170009410000170011124500680012826000450019627000420024130000250028350000510030865000210035965000310038020170124110052.0 aA-715644 c00.00a81702465555 aA-715644 bCen Lib/Ret aDPLbEN a800.954bGHO aGhosh, G. K. aLanguage, literature and national integration /cby G. K. Ghosh aNew DelhibAshish Publishing Housec1995 bNew Delhia8/81, Punjabi Baghe110026 axvi,235p. c21cm(Hb) aIncludes bibliographical references and index  aIndic literature aIndic literature (English)